000 00469nam a2200169 i 4500
001 26823
003 ES-MaACL
005 20230906153516.0
007 t|
008 030110s1930 fr ||||1| fre d
100 1 _aAutin, Albert.
_923976
245 1 3 _aLe discipline de Paul Bourget /
_cAlbert Autin.
260 _aParĂ­s :
_b[s.n.,
_c1930] (
_fF. Paillart)
300 _a143 p. ;
_c19 cm.
600 1 4 _aBourget, Paul (
_d1852-1935)
_930991
852 _aES-MaACL
_jA-3170
999 _c26823
_d26823